| 000 | 01118nam a2200253Ia 4500 | ||
|---|---|---|---|
| 003 | OSt | ||
| 005 | 20210413153426.0 | ||
| 008 | 210310s1981 ck a gr 000 0 spa d | ||
| 020 | _a9684511698 | ||
| 040 |
_aCO-JMCR _cCO-JMCR |
||
| 041 | 1 |
_aspa _heng |
|
| 082 | 0 | 4 |
_a658.83 / _bK557I _223 |
| 100 | 1 |
_aKinnear, Thomas C., _eautor _925654 |
|
| 245 | 1 | 0 |
_aInvestigación de mercados / _cThomas C. Kinnear, James R. Taylor, Sebastian S. Kresge ; traducción, Giovanny Ciardelli Fadul |
| 260 |
_aBogotá : _bAndes, _c1981. |
||
| 300 |
_a740 páginas : _bilustraciones en blanco y negro ; _c23 cm. |
||
| 505 | _aEtapas primarias del proceso de investigación. -- Muestreo. -- Medición. -- Experimentación y mercadeo de prueba. -- Información obtenida de los encuestados. -- Etapas finales del proceso de investigación. -- Temas avanzados. | ||
| 650 | 1 | 4 |
_aInvestigación de mercado. _925656 |
| 650 | 2 | 4 |
_aMarketing _xGestión _936786 |
| 700 | 1 |
_aTaylor, James R., _eautor _936787 |
|
| 700 | 1 |
_aKresge, Sebastian S., _eautor _936788 |
|
| 700 | 1 |
_aCiardelli Fadul, Giovanny, _etraductor _936789 |
|
| 942 |
_2ddc _cBK |
||
| 999 |
_c11485 _d11485 |
||